000 00825aas a2200241 4500
999 _c944
_d944
003 BR-BrBNA
005 20230317232945.0
007 ta
008 230119b bl ||||| |||| 00| 0 por d
035 _a000485-5
040 _aBR-BrBNA
_bPor
_cBR-BrBNA
042 _a054402-7
044 _abl
245 _aOvinocultura (Brazil)
260 _aBagé-RS
_bAssociação Brasileira de Criadores de Ovinos
_c1964. Data final de publicação em 1981
_eBRS
270 _aAv. 7 de Setembro, 1159 - Caixa Postal 145 - 96400-000
310 _airregular
500 _aO Vol 7(18)1975 é publicado com o título Revista ARCO até 1975 como Associação Riograndense dos Criadores de Ovinos
505 _a1964 3(10,12); 1970 4(14); 1972-73 5-6(15-16); 1975-81 7-13(17-33);
650 1 2 _gOVINOS
909 _a56
_bSergio Santos
_c56
_dSergio Santos
942 _cCR
_2AGRIS